=LDR 00000nam 2200000 4500 =001 INLIS000000000005474 =005 20251016010359 =035 ##$$a 0010-1025000529 =007 ta =008 251016###########################0#ind## =082 ##$$a 342.38 =084 ##$$a 342.38 BAD s =100 #$$a Badan Koordinasi Keluarga Berencana Nasional =245 1#$$a Sistem Komunikasi Elektronik Di Lingkungan Kantor Menpenduduk/BKKBN /$c Badan Koordinasi Keluarga Berencana Nasional =260 ##$$a Jakarta :$b Badan Koordinasi Keluarga Berencana Nasional,$c 1999 =300 ##$$a 10 Hal : $b Ilus ; $c 21 =650 #4$$a Keluarga Berencana =856 ##$$a Perpustakaan Kemendukbangga